Planetárium Bratislava-Čuňovo

Salvato in:
Dettagli Bibliografici
Autore principale: Baltazár, János (Autore)
Altri autori: Struhařová, Petra (Relatore della tesi)
Natura: Manoscritto Libro
Lingua:slovacco
Pubblicazione: 2019
Soggetti:
Accesso online:http://is.stuba.sk/zp/portal_zp.pl?podrobnosti=116780
https://opac.crzp.sk/?fn=detailBiblioForm&sid=72994EA9AD52E4DE4F9448064587
Tags: Aggiungi Tag
Nessun Tag, puoi essere il primo ad aggiungerne!!

MARC

LEADER 00000ntm a22000003a 4500
001 stuzp68236
003 SK-STU
005 20230525143419.0
007 ta
008 150427s2015----xo-----f-mn---000-0-slo-d
040 |a STU  |b slo 
041 0 |a slo 
100 1 |a Baltazár, János  |u 010310  |4 aut  |U SvF Stavebná fakulta  |T SvF Katedra architektúry  |X 38995  |U V181|V310  |Y 19  |7 38995 
242 0 1 |a Planetarium Bratislava-Cunovo  |y eng 
245 1 0 |a Planetárium Bratislava-Čuňovo 
260 |c 2019 
650 4 |a Čuňovo  |2 slo 
650 4 |a planetárium  |2 slo 
650 4 |a návrh  |2 slo 
650 4 |a Čuňovo  |2 eng 
650 4 |a planetarium  |2 eng 
650 4 |a design  |2 eng 
700 1 |a Struhařová, Petra  |u 010310  |k Z3  |4 ths  |U SvF Stavebná fakulta  |T SvF Katedra architektúry  |X 77076  |U V181|V310  |Y 19  |7 77076 
856 4 |u http://is.stuba.sk/zp/portal_zp.pl?podrobnosti=116780 
856 4 |u https://opac.crzp.sk/?fn=detailBiblioForm&sid=72994EA9AD52E4DE4F9448064587